| 000 | 01334nam0a22003491 4500 | ||
|---|---|---|---|
| 001 | RU\NLR\INFOCOMM_223\5000030660 | ||
| 005 | 20250613091443.0 | ||
| 035 | _a(NLR Aleph) 009108747 | ||
| 090 |
_a8147107 _c8147107 |
||
| 100 | _a20090204d1973 |||y0rusy50 ca | ||
| 101 | 0 | _aeng | |
| 102 | _aRU | ||
| 105 | _aa ||||000|y | ||
| 200 | 1 |
_aSolution of three-dimensional Lippman-Schwinger equation without partial-wave expansion _fV. B. Belyaev, B. F. Irgaziev, J. Wzecionko |
|
| 210 |
_a[Дубна _d[1973] |
||
| 215 |
_a16 с. _cил. _d22 см |
||
| 225 | 1 |
_a[Издания] _fОбъедин. ин-т ядерных исследований. Лаб. теорет. физики _vЕ4-7535 |
|
| 320 | _aБиблиогр.: с. 9 | ||
| 606 |
_aУравнение Липмана-Швингера _xРешение _2nlr_sh1 |
||
| 606 |
_aЛипмана-Швингера уравнение _2nlr_sh1 |
||
| 686 |
_aФз-1600[В383.1] _2rubbk |
||
| 686 |
_aФз-125[В382.3] _2rubbk |
||
| 700 | 1 |
_9z03790 _aBeljaev _bV. B. _gVladimir Borisovič _4070 |
|
| 701 | 1 |
_aIrgaziev _bB. F. _4070 |
|
| 701 | 1 |
_9z04790 _aWrzecionko _bJ. _gJerzy _4070 |
|
| 790 | 1 |
_9z03700 _aBelyaev _bV. B. _4070 |
|
| 790 | 1 |
_9z04701 _aWzecionko _bJ. _4070 |
|
| 801 | 1 |
_aRU _bNLR _c20090204 |
|
| 801 | 0 |
_aRU _bNLR _gPSBO |
|
| 852 |
_aNLR _jП-11/2061 |
||
| 942 | _cBOOK | ||
| 980 | _aNB | ||